Régions de l'Arménie - Statistiques

Statistiques générales
  • Ce quiz a été pris 197 fois
  • Le résultat moyen est 3 sur 11
Réponses sur la Carte
Les réponses sont colorées sur une échelle allant du rouge au vert en fonction du pourcentage des utilisateurs qui les ont devinées à leur premier essai. Vous pouvez retrouver ces pourcentages ci-dessous.
 
Statistiques - réponses
Réponse % Correct
Erevan
91%
Ararat
42%
Syunik'
42%
Tavuš
28%
Armavir
27%
Kotayk'
17%
Loṙy
15%
Aragac̣otn
6%
Širak
6%
Geġark'unik'
5%
Vayoc Jor
5%
Aucun quiz correspondant
Distribution des résultats
% des personnes avec chaque résultat
Percentile par nombre de réponses
Votre historique - résultats
Vous n’avez pas pris ce quiz